Hotel
Salvato in:
| Autore principale: | |
|---|---|
| Altri autori: | |
| Natura: | Manoscritto Libro |
| Lingua: | slovacco |
| Pubblicazione: |
2022
|
| Soggetti: | |
| Accesso online: | http://is.stuba.sk/zp/portal_zp.pl?podrobnosti=162141 https://opac.crzp.sk/?fn=detailBiblioForm&sid=EC9507141B5FF6F0400BCAC822A1 |
| Tags: |
Nessun Tag, puoi essere il primo ad aggiungerne!!
|
MARC
| LEADER | 00000ntm a22000003a 4500 | ||
|---|---|---|---|
| 001 | stuzp85861 | ||
| 003 | SK-STU | ||
| 005 | 20230510101503.6 | ||
| 007 | ta | ||
| 008 | 150427s2015----xo-----f-mn---000-0-slo-d | ||
| 040 | |a STU |b slo | ||
| 041 | 0 | |a slo | |
| 100 | 1 | |a Zajac, Patrik |u 010310 |4 aut |U SvF Stavebná fakulta |T SvF Katedra architektúry |X 93387 |U V181|V310 |Y 19 |7 93387 | |
| 242 | 0 | 1 | |a Hotel |y eng |
| 245 | 1 | 0 | |a Hotel |
| 260 | |c 2022 | ||
| 650 | 4 | |a Reštaurácia |2 slo | |
| 650 | 4 | |a Konferenčná miestnosť |2 slo | |
| 650 | 4 | |a Banská Štiavnica |2 slo | |
| 650 | 4 | |a Hotel |2 slo | |
| 650 | 4 | |a Hotel |2 eng | |
| 650 | 4 | |a Banská Štiavnica |2 eng | |
| 650 | 4 | |a Restaurant |2 eng | |
| 650 | 4 | |a Conference room |2 eng | |
| 700 | 1 | |a Húsenicová, Jarmila |u 010310 |k Z1 |4 ths |U SvF Stavebná fakulta |T SvF Katedra architektúry |X 901 |U V181|V310 |Y 19 |7 A000000901 | |
| 856 | 4 | |u http://is.stuba.sk/zp/portal_zp.pl?podrobnosti=162141 | |
| 856 | 4 | |u https://opac.crzp.sk/?fn=detailBiblioForm&sid=EC9507141B5FF6F0400BCAC822A1 | |